LEADER 01149nam a2200277 i 4500 001 000000201894 003 CaOOAMICUS 005 20151201000000.0 008 151201s2015 it u000 u ita u 013 $a180600 020 $a978-88-514-1530-3 040 $aSeMil$bita 100 1 $aValli, Aldo Maria,$d<1958- >.$0(OLS)http://semarc/name/24316 245 10$aChiesa ascoltaci! :$bgli "irregolari" credenti si rivolgono al Sinodo /$cAldo Maria Valli. 260 $aMilano :$bÀncora,$c2015. 300 $a156 p. ;$c21 cm. 490 0 $aPercorsi familiari 500 $aContiene : Appendice. 650 4$aMatrimonio - Situazioni irregolari.$0(OLS)http://semarc/subject/4908 830 0$aPercorsi familiari.$0(OLS)http://semarc/title/10283 850 $aSeMil 852 $aSeMil$W1$xVenegono$y1$m2E III 423$j152420$B152420$CSeMilBibl$Z2$F209182 $81 961 $aOmaggio: Altro 996 $6020$a978-88-514-1530-3$9(OLS)http://semarc/number/194690 996 $6245$aChiesa ascoltaci! :$bgli "irregolari" credenti si rivolgono al Sinodo$9(OLS)http://semarc/title/292233 996 $6260$aMilano :$bÀncora$9(OLS)http://semarc/publisher/29763 LEADER 00639naa a2200157 i 4500 001 000000296944 003 CaOOAMICUS 005 20180831172555.0 008 180831n xx u000 u und u 013 $a4458 040 $aSeMil$bita 100 1 $aCuscito, Giuseppe.$0(OLS)http://semarc/name/10730 245 10$aStoria religiosa dell'Istria dell'età della Controriforma. 650 4$aIstria - Storia religiosa.$0(OLS)http://semarc/subject/6398 773 0 $tRicerca storica e Chiesa locale in Italia.$kStoria della Chiesa$z88-396-0588-6$w()41269 996 $6245$aStoria religiosa dell'Istria dell'età della Controriforma$9(OLS)http://semarc/title/372990